| LEADER 00000nam 2200000uu 4500 |
| 008 120207s2552||||th 000 0 tha d |
| 040 ^abcnkk.
|
| 041 0 ^atha^beng
|
| 060 0 ^aวพ WF 553 ส866ผ 2552
|
| 100 0 ^aสุรีพร ศรีสุทธิกมล
|
| 245 10 ^aรายงานวิทยานิพนธ์เรื่อง ผลของการพัฒนาการรับรู้ความสามารถของผู้ดูแลที่มีบุตรป่วยด้วยโรคหีดที่ยังไม่สามารถควบคุมได้ /^cสุรีพร ศรีสุทธิกมล
|
| 246 15 ^aThe effects of self-efficacy development in caregivers ofchildren with uncontrolled asthma
|
| 260 ^aขอนแก่น: ^bมหาวิทยาลัยขอนแก่น^c2552
|
| 300 ^a[ก]-ญ, 108, [1] แผ่น
|
| 502 ^aวิทยานิพนธ์ (พย.ม.)--สาขาวิชาการพยาบาลสุขภาพเด็กบัณฑิตวิทยาลัย มหาวิทยาลัยขอนแก่น, 2552
|
| 650 7 ^aหืด^xการดูแล
|
| 650 7 ^aบุตร^xการดูแล
|
| 650 7 ^aการพยาบาลสุขภาพเด็ก
|
| 650 7 ^aวิทยานิพนธ์
|
| 710 2 ^aมหาวิทยาลัยขอนแก่น.^bบัณฑิตวิทยาลัย.^bสาขาวิชาการพยาบาลสุขภาพเด็ก
|
| 995 วพ
|
| 999 ^aใช้งานได้ทุกระบบ
|